La señora Frisby y las ratas de Nimh / (Registro nro. 8327)

Detalles MARC
000 -LIDER
fixed length control field 01041nam a2200337 a 4500
001 - NÚMERO DE CONTROL
Identificador de número de control 028
003 - IDENTIFICACDOR DE NÚMERO DE CONTROL
control field 000044283
005 - DATE AND TIME OF LATEST TRANSACTION
control field 20180220154752.0
007 - CAMPOS FIJOS DE DESCRIPCIÓN FÍSICA
fixed length control field BPMSU
008 - ELEMENTOS DE LONGITUD FIJA
fixed length control field 140612s 1992 sp a 000 0 spa d
020 ## - ISBN
International Standard Book Number 8434816016
040 ## - FUENTE DE CATALOGACIÓN
Agencia que crea de manera original el registro BPMSU
Idioma de catalogación spa
Agencia que realiza la transcripción BPMSU
092 ## - LOCALLY ASSIGNED DEWEY DECIMAL CALL NUMBER
Número de clasificación xxxxxx
Número de ítem (Cutter) xxxxxx
100 1# - ASIENTO PRINCIPAL -- NOMBRE PERSONAL
Nombre personal O´Brien, Robert C.
240 1# - TITULO UNIFORME
Título uniforme Mrs. Frsby and the rats of Nimh
245 10 - MENCIÓN DE TITULO
Título La señora Frisby y las ratas de Nimh /
Mención de responsabilidad Robert C. O´Brien ; traducción Javier Sainz de Robles ; ilustraciones Marina Seoane
250 ## - MENCIÓN DE EDICION
Mención de edición 8a. ed.
260 ## - PUBLICACIÓN, DISTRIBUCIÓN, ETC. (PIE DE IMPRENTA)
Lugar de publicación, distribución, etc Madrid :
Nombre del editor, distribuidor, etc. SM,
Fecha de publicación, distribución, etc 1992.
300 ## - DESCRIPCIÓN FÍSICA
Extensión 195. :
Otros detalles físicos il. ;
Dimensiones 19 cm.
490 1# - MENCIÓN DE SERIES
Mención de serie El barco de vapor
-- Serie Naranja
Volume/sequential designation 34
521 ## - TARGET AUDIENCE NOTE
Target audience note A partir de 9 años.
700 1# - ASIENTO SECUNDARIO -- NOMBRE PERSONAL
Mención de responsabilidad trad.
Nombre personal Sainz de Robles, Javier
700 1# - ASIENTO SECUNDARIO -- NOMBRE PERSONAL
Mención de responsabilidad il.
Nombre personal Seoane, Marina
830 #0 - ASIENTO SECUNDARIO DE SERIE--TÍTULO UNIFORME
Título uniforme El barco de vapor
Nombre de la parte o sección de una obra Serie Naranja
Volume number/sequential designation 34
942 ## - ADDED ENTRY ELEMENTS (KOHA)
Source of classification or shelving scheme Dewey Decimal Classification
Koha item type Libros
945 ## - INFORMACIÓN DE PROCESAMIENTO LOCAL
Información de procesamiento local Inventariado, 2018/ YL
956 ## - LOCAL ELECTRONIC LOCATION AND ACCESS (OCLC)
Nombre de host DGARCIA
Número de acceso 10
956 ## - LOCAL ELECTRONIC LOCATION AND ACCESS (OCLC)
Nombre de host DGARCIA
Número de acceso 10
956 ## - LOCAL ELECTRONIC LOCATION AND ACCESS (OCLC)
Número de acceso 10
Inicio de sesión BND01
Procesador de solicitud 1130
956 ## - LOCAL ELECTRONIC LOCATION AND ACCESS (OCLC)
Nombre de host BTAVAREZ
Número de acceso 10
Información de compresión 20140612
Inicio de sesión BND01
Procesador de solicitud 1329
Existencias
Withdrawn status Lost status Source of classification or shelving scheme Damaged status Not for loan Collection code Home library Current library Date acquired Source of acquisition Total Checkouts Barcode Date last seen Price effective from Koha item type
    Dewey Decimal Classification     Colección Infantil General Biblioteca Pública Metropolitana Salomé Ureña Biblioteca Pública Metropolitana Salomé Ureña 10/05/2015 donación   BPMSU15100042 10/05/2015 10/05/2015 Libros